00263nam a22000857a 4500008004100000022001300041041000800054245003800062260007700100240928b |||||||| |||| 00| 0 eng d a09709029 aEng aJournal Of Accounting And Finance aJaipur (Rajsthan)bResearch Development Association Jaipur (India)c2024